Gay plays Quattro proposte di teatro omosessuale inglese e americano del Novecento

Uloženo v:
Podrobná bibliografie
Hlavní autor: Ackerley, Joe R.
Další autoři: Gellert, Roger, Sherman, Martin, Bentley, Eric
Médium: Kniha
Jazyk:angličtina
Vydáno: Roma Gremese 1992
Tagy: Přidat tag
Žádné tagy, Buďte první, kdo vytvoří štítek k tomuto záznamu!

MARC

LEADER 00000nam a2200000 4500
005 20241106200825.0
008 241106b |||||||| |||| 00| 0 eng d
020 |a 9788876056727 
040 |c GP 
100 |a Ackerley, Joe R. 
245 |a Gay plays  |b Quattro proposte di teatro omosessuale inglese e americano del Novecento 
260 |a Roma  |b Gremese  |c 1992 
700 |a Gellert, Roger 
700 |a Sherman, Martin 
700 |a Bentley, Eric 
942 |2 ddc  |c BK  |n 0 
952 |0 0  |1 0  |2 ddc  |4 0  |6 792_766000000000000_ACK  |7 1  |9 2181  |a RM  |b RM  |d 2024-11-06  |l 0  |o 792.766 ACK  |p 617  |r 2024-11-06 20:08:42  |w 2024-11-06  |y BK 
999 |c 1921  |d 1921